01098nam a2200193Ia 4500001001100000003001000011008004100021040002500062041001300087100001800100245003200118250001100150260004800161300001200209500026200221501011400483520026200597650004500859L808-33392IT-CnALBA170116s9999||||xx |||||||||||||| ||und|| aIT-CnALBAcIT-CnALBA aITALIANO aCOLLODI CARLO 0aLE AVVENTURE DI PINOCCHIO.  a1a ed. a SESTO S. GIOV., MIbBARION A. EDIT. cn.d. a190 p.  aSORPRESA DI MAESTRO CILIEGIA. MASTRO GEPPETTO E IL BURATTINO. MONELLERIE DI PINOCCHIO. E IL GRILLO PARLANTE (COSCIENZA). FRITTATA. PIEDI BRUCIATI. RIPARATURA. CASACCA E ABBECEDDARIO. ALLA CITTÀ DEI BALOCCHIMANGIAFOCO. MONETE D'ORO AL BURATTINO. LA VOLPE E aSocietà San Paolo EM - Piazza San Paolo, 14 - 12051 ALBA (CN) (non commercial uses only) ® Copyright 2017 aSORPRESA DI MAESTRO CILIEGIA. MASTRO GEPPETTO E IL BURATTINO. MONELLERIE DI PINOCCHIO. E IL GRILLO PARLANTE (COSCIENZA). FRITTATA. PIEDI BRUCIATI. RIPARATURA. CASACCA E ABBECEDDARIO. ALLA CITTÀ DEI BALOCCHIMANGIAFOCO. MONETE D'ORO AL BURATTINO. LA VOLPE E aNARRATIVA DI VARIE LETTERATURE - ROMANZI